Любовь и оргазм. Современный взгляд на психологию чувства сексуального удовлетворения

Detalhes bibliográficos
Autor principal: Лоуэн А. Александр
Idioma:russo
Publicado em: Ростов-на-Дону, Феникс, 1998
Assuntos:
Formato: Livro
KOHA link:https://koha.lib.tpu.ru/cgi-bin/koha/opac-detail.pl?biblionumber=14277

MARC

LEADER 00000nam0a2200000 4500
001 14277
005 20231101204935.0
010 |a 5222002667 
035 |a (RuTPU)RU\TPU\book\14369 
035 |a BOOK00014438 
090 |a 14277 
100 |a 20011209d1998 m y0rusy50 ca 
101 1 |a rus 
102 |a RU 
105 |a y z 000zy 
200 1 |a Любовь и оргазм. Современный взгляд на психологию чувства сексуального удовлетворения  |f А. Лоуэн 
210 |a Ростов-на-Дону  |c Феникс  |d 1998 
215 |a 448 с. 
606 |a Любовь  |x Психология  |2 stltpush  |3 (RuTPU)RU\TPU\subj\40669  |9 60512 
606 |a Секс  |x Психология  |2 stltpush  |3 (RuTPU)RU\TPU\subj\54406  |9 72563 
610 1 |a психология 
610 1 |a сексуальность 
610 1 |a личность 
610 1 |a сексуальные отношения 
610 1 |a пол 
610 1 |a оргазм 
686 |a Ю937.3  |v LBC/SL-A  |2 rubbk 
700 1 |a Лоуэн  |b А.  |g Александр 
801 0 |a RU  |b 63413507  |c 20011209  |g PSBO 
801 2 |a RU  |b 63413507  |c 20180712  |g PSBO 
942 |c BK